Countries with embassies and consulates in Chennai - Statistics

General Stats
  • This quiz has been taken 63 times
  • The average score is 11 of 13
Answer Stats
Continent Country % Correct
North America United States of America
100%
Oceania Australia
98%
Europe Germany
98%
Asia/ Europe Russia
96%
Europe United Kingdom
96%
Europe Italy
87%
Asia Japan
83%
Asia Singapore
79%
Asia Sri Lanka
77%
Asia Malaysia
75%
Asia South Korea
75%
Asia Thailand
70%
Europe Belgium
68%
No matching quizzes found
Score Distribution
Percent of People with Each Score
Percentile by Number Answered
Your Score History
You have not taken this quiz